000 00772nam a2200277 i 4500
001 22992
003 ES-MaBCM
005 20241016094344.0
008 871020s1986 esp 000 0 spa d
020 _a84-86153-50-6
021 _axx
035 _a(OCoLC)911929735
040 _cES-MaBCM
041 0 _aspa
043 _aesp
080 _a681.3
080 _a002
100 1 _aGallouedec-Genuys, Françoise
_917196
245 1 3 _aLa informatización
_b: riesgos culturales
_cFrançoise Gallouedec-Genuys, Philippe Lemoine
260 _aBarcelona :
_bMitre,
_c1986
300 _a209 p.
_c21 cm
440 0 _aColección de informática y documentación
_997357
650 7 _aInformática documental
_958996
700 1 _aLemoine, Philippe
_926240
942 _cBK
999 _c22992
_d22992